Informačná úplnosť o výrobkoch v internetovom obchode diplomová práca

Saved in:
Bibliographic Details
Main Author: Benšová, Petra
Corporate Author: Obchodná fakulta EU. Katedra tovaroznalectva a kvality tovaru
Other Authors: Košútová, Tatiana, 1962-
Format: Book
Language:Slovak
Published: Bratislava 2018
Tags: Add Tag
No Tags, Be the first to tag this record!

MARC

LEADER 00000nbm a2200000 4500
001 0243301
005 20180911135548.4
041 0 |a slo 
044 |a SK 
245 1 0 |a Informačná úplnosť o výrobkoch v internetovom obchode  |b diplomová práca  |c Petra Benšová ; školiteľ: Tatiana Košútová 
264 1 |a Bratislava  |c 2018 
300 |a 91 s. 
100 1 |a Benšová, Petra 
700 1 |a Košútová, Tatiana, 1962- 
710 2 |a Obchodná fakulta EU. Katedra tovaroznalectva a kvality tovaru